00463nam a22001577a 450000500170000001000150001702000260003203500140005803700130007208200150008510000250010024500670012526000470019227000460023930000200028520170822112339.0 aENG-119911 a9789352290116c695.00 aEN-103443 bDBAD/PUB a323.340941 aWollstonecraft, Mary aA vindication of the rights of woman /cby Mary Wollstonecraft aNew DelhibMaheshwari Vani Prakashanc2015 a4695/21-A, Daryaganj, bNew Delhie110002 a248p.c23cm(Hb)